There's a Fly Guy in my soup / (Record no. 2374)

MARC details
000 -LEADER
fixed length control field 01024cam a2200325 a 4500
001 - CONTROL NUMBER
control field 2374
003 - CONTROL NUMBER IDENTIFIER
control field FISKH
005 - DATE AND TIME OF LATEST TRANSACTION
control field 20231121091431.0
008 - FIXED-LENGTH DATA ELEMENTS--GENERAL INFORMATION
fixed length control field 120110s2012 nyua b 000 1 eng c
010 ## - LIBRARY OF CONGRESS CONTROL NUMBER
LC control number 2012000801
020 ## - INTERNATIONAL STANDARD BOOK NUMBER
International Standard Book Number 9780545312844
040 ## - CATALOGING SOURCE
Original cataloging agency ZQP/DLC
Transcribing agency ZQP
Modifying agency DLC
Language of cataloging eng
042 ## - AUTHENTICATION CODE
Authentication code pcc
-- lcac
050 00 - LIBRARY OF CONGRESS CALL NUMBER
Classification number PZ7.A7379
Item number Thm 2012
082 00 - DEWEY DECIMAL CLASSIFICATION NUMBER
Classification number 813.6
Edition number 23
100 1# - MAIN ENTRY--PERSONAL NAME
Personal name Arnold, Tedd
245 10 - TITLE STATEMENT
Title There's a Fly Guy in my soup /
Statement of responsibility, etc. Tedd Arnold
260 ## - PUBLICATION, DISTRIBUTION, ETC.
Place of publication, distribution, etc. New York :
Name of publisher, distributor, etc. Cartwheel Books :
Date of publication, distribution, etc. 2012.
300 ## - PHYSICAL DESCRIPTION
Extent 30 pages :
Other physical details color illustrations ;
Dimensions 23 cm
490 1# - SERIES STATEMENT
Series statement Fly Guy ;
Volume/sequential designation Book 12
520 ## - SUMMARY, ETC.
Summary, etc. When Fly Guy is not allowed in the restaurant with Buzz's family he follows his nose and ends up in the soup.
521 8# - TARGET AUDIENCE NOTE
Target audience note 460<br/>
Source Lexile<br/>
521 8# - TARGET AUDIENCE NOTE
Target audience note J<br/>
Source Raz-Plus<br/>
650 #0 - SUBJECT ADDED ENTRY--TOPICAL TERM
Topical term or geographic name entry element Restaurants
Form subdivision Juvenile fiction.
650 #0 - SUBJECT ADDED ENTRY--TOPICAL TERM
Topical term or geographic name entry element Flies
Form subdivision Juvenile fiction.
650 #1 - SUBJECT ADDED ENTRY--TOPICAL TERM
Topical term or geographic name entry element Restaurants
Form subdivision Fiction.
650 #1 - SUBJECT ADDED ENTRY--TOPICAL TERM
Topical term or geographic name entry element Flies
Form subdivision Fiction.
906 ## - LOCAL DATA ELEMENT F, LDF (RLIN)
a 7
b cbc
c orignew
d 1
e ecip
f 20
g y-gencatlg
942 ## - ADDED ENTRY ELEMENTS (KOHA)
Source of classification or shelving scheme Dewey Decimal Classification
Koha item type Books
Suppress in OPAC No
Holdings
Withdrawn status Lost status Source of classification or shelving scheme Damaged status Not for loan Collection Home library Current library Shelving location Date acquired Total Checkouts Full call number Barcode Date last seen Date last checked out Price effective from Koha item type
    Dewey Decimal Classification     Juvenile Fiction Footprints International School Library Network Toul Kork Campus Footprints International School Library Network Toul Kork Campus TK Primary Library Room(4th Floor), Bookcase 1&2, Shelves 1-16, Dark Blue Books 11/21/2023 15 ARN 813.6 PZ7.A7379 FISTKG1A064 04/29/2026 04/22/2026 11/21/2023 Books